000 00412nam a2200157 i 4500
001 25635
003 ES-MaACL
005 20230906153315.0
007 t|
008 021227s1973 sp ||||1| spa d
100 1 _aArcocha, Juan.
_922511
245 1 3 _aLa bala perdida /
_cJuan Arcocha.
260 _a[Barcelona :
_bPlaza & Janés,
_c1973]
300 _a139 p. ;
_c19 cm.
852 _aES-MaACL
_jC-52895
_bR.86378
999 _c25635
_d25635